| Tag |
First Indicator |
Second Indicator |
Subfields |
| LEADER |
00000cam a2200000 a 4500 |
| 001 |
in00002340407 |
| 005 |
20151108044022.0 |
| 008 |
070501s2007 cauab e b 001 0 eng c |
| 020 |
|
|
|a 9780787992903 (pbk.)
|
| 020 |
|
|
|a 0787992909 (pbk.)
|
| 035 |
|
|
|a (OCoLC)ocn154699518
|
| 035 |
|
|
|a (OCoLC)154699518
|
| 040 |
|
|
|a BTCTA
|c BTCTA
|d BAKER
|d YDXCP
|d DMM
|d TXA
|d UtOrBLW
|
| 042 |
|
|
|a pcc
|
| 049 |
|
|
|a TXAM
|
| 050 |
|
4 |
|a LB1631
|b .G865 2007
|
| 082 |
0 |
4 |
|a 372.62/3
|2 22
|
| 100 |
1 |
|
|a Gust, John.
|
| 245 |
1 |
0 |
|a Adventures in fantasy :
|b lessons and activities in narrative and descriptive writing, grades 5-9 /
|c John Gust.
|
| 250 |
|
|
|a 1st ed.
|
| 264 |
|
1 |
|a San Francisco, CA :
|b Jossey-Bass,
|c [2007]
|
| 264 |
|
4 |
|c ©2007
|
| 300 |
|
|
|a xi, 249 pages :
|b illustrations ;
|c 28 cm.
|
| 336 |
|
|
|a text
|b txt
|2 rdacontent
|
| 337 |
|
|
|a unmediated
|b n
|2 rdamedia
|
| 338 |
|
|
|a volume
|b nc
|2 rdacarrier
|
| 490 |
1 |
|
|a Jossey-Bass teacher
|
| 520 |
|
|
|a "Adventures in fantasy is a progressive series of ready-to-use lessons and activities that will guide your students through the steps necessary to first create and then write their own original work of fantasy"--P. v.
|
| 504 |
|
|
|a Includes bibliographical references (page 243) and index.
|
| 650 |
|
0 |
|a Creative writing (Middle school)
|
| 650 |
|
0 |
|a Narration (Rhetoric)
|x Study and teaching (Middle school)
|x Activity programs.
|
| 650 |
|
0 |
|a Description (Rhetoric)
|x Study and teaching (Middle school)
|x Activity programs.
|
| 650 |
|
0 |
|a Fantasy fiction
|x Technique
|x Study and teaching (Middle school)
|x Activity programs.
|
| 830 |
|
0 |
|a Jossey-Bass teacher.
|
| 938 |
|
|
|a Baker and Taylor
|b BTCP
|n BK0007247191
|
| 938 |
|
|
|a Baker & Taylor
|b BKTY
|c 24.95
|d 18.71
|i 0787992909
|n 0007247191
|s active
|
| 938 |
|
|
|a YBP Library Services
|b YANK
|n 2574115
|
| 945 |
|
|
|a PromptCat
|b 238036
|
| 946 |
|
|
|a stk
|
| 947 |
|
|
|a A14836258507
|
| 994 |
|
|
|a C0
|b TXA
|
| 948 |
|
|
|a cataloged
|b h
|c 2007/11/2
|d c
|e nbehmer
|f 9:34:26 am
|
| 999 |
|
|
|a MARS
|
| 999 |
f |
f |
|s 979d31fe-f87a-3596-9012-2354a02a0631
|i 3a432e3f-f0a8-3b8f-b988-71a67c8449e3
|t 0
|
| 952 |
f |
f |
|p normal
|a Texas A&M University
|b College Station
|c Sterling C. Evans Library
|d Evans: Library Stacks
|t 0
|e LB1631 .G865 2007
|h Library of Congress classification
|i unmediated -- volume
|m A14836258507
|
| 998 |
f |
f |
|a LB1631 .G865 2007
|t 0
|l Evans: Library Stacks
|